<?xml version="1.0" encoding="UTF-8"?>
<marc:record xmlns:marc="http://www.loc.gov/MARC21/slim">
   <marc:leader>00000nam a2200000 a 4500</marc:leader>
   <marc:datafield ind1="1" ind2=" " tag="100">
      <marc:subfield code="a">Even, Rik Van</marc:subfield>
      <marc:subfield code="4">aut</marc:subfield>
      <marc:subfield code="e">Verfasser/-in</marc:subfield>
   </marc:datafield>
   <marc:datafield ind1=" " ind2=" " tag="653">
      <marc:subfield code="a">Merkspiel</marc:subfield>
   </marc:datafield>
   <marc:datafield ind1=" " ind2=" " tag="653">
      <marc:subfield code="a">spannend</marc:subfield>
   </marc:datafield>
   <marc:datafield ind1="0" ind2="0" tag="245">
      <marc:subfield code="a">Das Ringelspiel</marc:subfield>
   </marc:datafield>
   <marc:datafield ind1="0" ind2="0" tag="245">
      <marc:subfield code="b">Ein Karussell, das dreht sich schnell!</marc:subfield>
   </marc:datafield>
   <marc:datafield ind1=" " ind2="1" tag="264">
      <marc:subfield code="b">Piatnik</marc:subfield>
   </marc:datafield>
   <marc:datafield ind1="1" ind2=" " tag="520">
      <marc:subfield code="a">Unermüdlich dreht sich das große Karusell und alle wollen mitfahren. Natürlich sind die Kinder erst zufrieden, wenn sie mit jedem Wagen des Ringelspieles fahren konnten. &lt;br/&gt;Doch da sich das Ringelspiel dreht, ändern sich ständig die Standorte der Wagen. Im Spiel liegen noch dazu alle Wagenplättchen verdeckt und man muss sich ganz genau merken, welches wo liegt!&lt;br/&gt;"Dort ist noch etwas frei!" "War das nicht ein Auto?" Tja, wenn der lustige Clown nicht alles durcheinander bringen würde, wäre es gar nicht so schwer.&lt;br/&gt;Wer etwas Glück mit dem Farbwürfel und ein gutes Gedächtnis hat, wird wohl das Gerangel am Ringelspiel für sich entscheiden!</marc:subfield>
   </marc:datafield>
   <marc:datafield ind1=" " ind2=" " tag="041">
      <marc:subfield code="a">ger</marc:subfield>
   </marc:datafield>
   <marc:datafield ind1="1" ind2=" " tag="521">
      <marc:subfield code="a">ab 4</marc:subfield>
   </marc:datafield>
   <marc:datafield ind1="1" ind2=" " tag="521">
      <marc:subfield code="a">0</marc:subfield>
   </marc:datafield>
   <marc:datafield ind1=" " ind2=" " tag="300">
      <marc:subfield code="a">1 Spielplan, 2 Spielfiguren, 15 Plättchen, 16 Kärtchen, 1 Farbwürfel, 1 Spielanleitung</marc:subfield>
   </marc:datafield>
</marc:record>
